Gaming Quiz

Random Gaming or Network Quiz

Mega Man Battle Network 2 Battle Chips Quiz Stats

 Plays Quiz not verified by Sporcle

Score 0/266 Timer 15:00
0 Plays Today
% Correct
Cannon
93.8%
Sword
87.5%
Wide Sword
87.5%
Long Sword
87.5%
Roll
87.5%
GutsMan
87.5%
Bass
87.5%
High Cannon
84.4%
Fire Sword
84.4%
Roll V2
84.4%
Roll V3
84.4%
GutsMan V2
84.4%
GutsMan V3
84.4%
Aqua Sword
81.3%
Shadow 1
81.3%
AirMan
81.3%
AirMan V2
81.3%
AirMan V3
81.3%
M-Cannon
78.1%
Shotgun
78.1%
V-Gun
78.1%
Spreader
78.1%
Bubbler
78.1%
Elec Sword
78.1%
Fire Blade
78.1%
ProtoMan
78.1%
ShadowMan
78.1%
KnightMan
78.1%
FreezeMan
78.1%
HeatShot
75%
Aqua Blade
75%
Elec Blade
75%
Life Aura 1
75%
ProtoMan V2
75%
ProtoMan V3
75%
QuickMan
75%
QuickMan V2
75%
QuickMan V3
75%
CutMan
75%
ShadowMan V2
75%
ShadowMan V3
75%
MagnetMan
75%
FreezeMan V2
75%
FreezeMan V3
75%
NapalmMan
75%
PlanetMan
75%
CrossGun
71.9%
MiniBomb
71.9%
Shockwave
71.9%
Area Grab
71.9%
Geddon 1
71.9%
Geddon 2
71.9%
Geddon 3
71.9%
CutMan V2
71.9%
CutMan V3
71.9%
KnightMan V2
71.9%
KnightMan V3
71.9%
SnakeMan
71.9%
SnakeMan V2
71.9%
SnakeMan V3
71.9%
GateMan
71.9%
NapalmMan V2
71.9%
NapalmMan V3
71.9%
Bass V2
71.9%
Bass V3
71.9%
HeatSpread
68.8%
LilBomb
68.8%
CrossBomb
68.8%
BigBomb
68.8%
Sonicwave
68.8%
Recovery 10
68.8%
Recovery 30
68.8%
Recovery 50
68.8%
Recovery 80
68.8%
Recovery 150
68.8%
Recovery 200
68.8%
Recovery 300
68.8%
Rock Cube
68.8%
Invisible 1
68.8%
Invisible 2
68.8%
Invisible 3
68.8%
Barrier
68.8%
MagnetMan V2
68.8%
MagnetMan V3
68.8%
GateMan V2
68.8%
GateMan V3
68.8%
PharaohMan
68.8%
PlanetMan V3
68.8%
Bub-V
65.6%
% Correct
Heat-V
65.6%
Guard
65.6%
Recovery 120
65.6%
Grass Stage
65.6%
ToadMan
65.6%
ToadMan V2
65.6%
ToadMan V3
65.6%
PharaohMan V2
65.6%
PlanetMan V2
65.6%
BubCross
62.5%
BubSpread
62.5%
HeatCross
62.5%
Muramasa
62.5%
Variable Sword
62.5%
Dynawave
62.5%
Guts Punch
62.5%
Panel Grab
62.5%
Life Aura 2
62.5%
Life Aura 3
62.5%
ThunderMan
62.5%
ThunderMan V2
62.5%
ThunderMan V3
62.5%
PharaohMan V3
62.5%
Ratton 1
59.4%
Ratton 2
59.4%
Ratton 3
59.4%
Fire Aura
59.4%
Lava Stage
59.4%
Anti-Damage
59.4%
Anti-Navi
59.4%
HeatMan
59.4%
HeatMan V2
59.4%
HeatMan V3
59.4%
Step Sword
56.3%
Kunai 1
56.3%
Kunai 2
56.3%
Kunai 3
56.3%
Time Bomb 1
56.3%
Time Bomb 2
56.3%
Time Bomb 3
56.3%
Pop Up
56.3%
Shadow 2
56.3%
Shadow 3
56.3%
Aqua Aura
56.3%
Elec Aura
56.3%
Ice Stage
56.3%
Attack +10
56.3%
Attack +30
56.3%
Hero Sword
56.3%
Custom Sword
53.1%
Zap Ring 1
53.1%
Zap Ring 2
53.1%
Zap Ring 3
53.1%
Panel Out 1
53.1%
Panel Out 3
53.1%
Fan
53.1%
Wood Aura
53.1%
Anti-Sword
53.1%
Fire Gospel
53.1%
Aqua Gospel
53.1%
Elec Gospel
53.1%
Wood Gospel
53.1%
Slasher
50%
Tornado
50%
Zeus Hammer
50%
Wind
50%
Anubis
50%
Attack +20
50%
Gaia Sword
50%
Sanctuary
50%
Quake 1
46.9%
Quake 2
46.9%
Quake 3
46.9%
Cold Punch
46.9%
Dash Attack
46.9%
Burner
46.9%
Magnet Bomb 1
46.9%
Magnet Bomb 2
46.9%
Magnet Bomb 3
46.9%
Meteor 12
46.9%
Meteor 15
46.9%
Stone Body
46.9%
Lava Line
46.9%
Grass Line
46.9%
Holy Panel
46.9%
Anti-Recovery
46.9%
Fire +40
46.9%
Aqua +40
46.9%
Wood +40
46.9%
% Correct
Elec +40
46.9%
Navi +20
46.9%
Meteors
46.9%
Tree Bomb 1
43.8%
Tree Bomb 2
43.8%
Tree Bomb 3
43.8%
Cannon Ball
43.8%
Hammer
43.8%
Silver Fist
43.8%
Gold Fist
43.8%
Meteor 9
43.8%
Air Shoes
43.8%
Ice Line
43.8%
Navi +40
43.8%
Wrecker
40.6%
Curse Shield 1
40.6%
Curse Shield 2
40.6%
Curse Shield 3
40.6%
Meteor 18
40.6%
Repair
40.6%
Drop Down
40.6%
Sparker
40.6%
Bubble Wrap
40.6%
Leaf Shield
40.6%
Magnet Line
40.6%
Anti-Fire
40.6%
Anti-Elec
40.6%
Anti-Water
40.6%
Big Red Wave
40.6%
Spice 1
37.5%
Spice 2
37.5%
Spice 3
37.5%
Bronze Fist
37.5%
Poison Mask
37.5%
Remote Bit 1
37.5%
Remote Bit 2
37.5%
Old Wood
37.5%
Grab Revenge
37.5%
Guardian
37.5%
Knight Sword
37.5%
Poltergeist
37.5%
Blower
34.4%
Lance
34.4%
Poison Face
34.4%
Mine
34.4%
Remote Bit 3
34.4%
Aqua Ball
34.4%
Elec Ball
34.4%
Line Out
34.4%
Undershirt
34.4%
Freeze Bomb
34.4%
Fighter Sword
34.4%
Double Needle
31.3%
Triple Needle
31.3%
Quadruple Needle
31.3%
Trident
31.3%
Fire Rat
31.3%
Twister
31.3%
Satellite 1
31.3%
Satellite 2
31.3%
Satellite 3
31.3%
Whirlpool
31.3%
Black Hole
31.3%
Heat Ball
31.3%
Lava Dragon
31.3%
God Stone
31.3%
Slow Gauge
31.3%
Fast Gauge
31.3%
Jealousy
31.3%
Yo-Yo 1
28.1%
Yo-Yo 2
28.1%
Yo-Yo 3
28.1%
Catcher
28.1%
Candle 1
28.1%
Candle 2
28.1%
Candle 3
28.1%
Front Sensor
25%
Double Sensor
25%
Geyser
25%
Mind Bender
25%
Escape
25%
Gate SP
25%
Prism
21.9%
Full Custom
21.9%
Little Cloud
18.8%
Medium Cloud
18.8%
Big Cloud
18.8%
Black Bomb
18.8%

You're not logged in!

Compare scores with friends on all Sporcle quizzes.
Join for Free
OR
Log In

You Might Also Like...

Show Comments

Extras

Created Dec 17, 2011ReportNominate
Tags:Network Quiz, War Quiz, battle, chip, man, mega

Top Quizzes Today


Score Distribution

Your Account Isn't Verified!

In order to create a playlist on Sporcle, you need to verify the email address you used during registration. Go to your Sporcle Settings to finish the process.

Report this User

Report this user for behavior that violates our Community Guidelines.

Details: